A solution to the problem of ecternalities when agents are well-informed (Registro nro. 28109)

Detalles MARC
000 -LEADER
fixed length control field 00364 a2200109 4500
001 - CONTROL NUMBER
control field ART_46378
005 - DATE AND TIME OF LATEST TRANSACTION
control field 20260410161925.0
008 - FIXED-LENGTH DATA ELEMENTS--GENERAL INFORMATION
fixed length control field 260409a
100 1# - MAIN ENTRY--PERSONAL NAME
Personal name Varian, Hal R.
245 10 - TITLE STATEMENT
Title A solution to the problem of ecternalities when agents are well-informed
773 0# - HOST ITEM ENTRY
Title The American Economic Review
Related parts - Vol. 84, Nº 5 (dic. 1994)
Record control number REV16190

No hay ítems disponibles.